000 01410nam a2200301 a 4500
999 _c348173
_d348173
003 BLK
005 20250510125219.0
008 200123b bu |||||r|||| 00| 0 bu d
020 _a9786197134544
040 _aBLK
041 _aBUL
_cBUL
080 _aЛитература на отделни езици и езикови семейства
_b821
_x-93-34
_z821-93-34
080 _aИздания за деца и юноши. Книжки-картинки. Читанки. Вж и 372.4
_b087.5
_z087.5
100 _aБарсоти, Елеонора
_eпърви автор
_91299
139 _aБарсоти, Елеонора
_bБ 26
240 _aPlay & seek on the pirate ship
245 _aИграй и открий на пиратския кораб
_cЕлеонора Барсоти ; прев. от англ. ез. Албена Агасян
260 _9213788
_aПловдив
_bКоала прес
_c2017
_fВ. Търново : Абагар
300 _a44 с.
_b с цв. ил.
_c 31 см
380 _aDX
500 _aОриг. загл.: Play & seek on the pirate ship / Eleonora Barsotti Кн. от поредицата Играй и открий
700 _91021
_aАгасян, Албена Фран
_eпрев. от англ.
852 _bЦб
942 _cKNG
_n0
_s1
_036
944 _aCR
_c2020-01-23
_k30576
_lЦветомила Тодорова
999 _d348172
999 _d348172